000 00446cam a22001097a 4500
008 180718b1953 xxu||||| |||| 00| 0 eng d
082 _aR7x5442 B639c
245 _aCase-study of labor -management relations at the Central India Spinning, Weaving and manufacturing co. Ltd. Empress mills Ltd., Nagpur
_cby Bombay Labour Institute
260 _aBombay
_bGovernment Central Press
_c1953
300 _a119p
700 _aMaharashtra.Bombay Labour Institute
999 _c496360
_d496360